000 00825cab a2200253 4500
001 ABS50201
008 090401t1994 xxu||||| |||| 00| 0 eng d
035 _a(Sirsi) u74582
041 _aeng
245 _aLetgain Ltd v Super Cement Ltd
260 _c1994
350 _a0
490 _aEstates Gazette
_v(1994) 07 EG 192-197(6)
520 _aCA 8 November 1993. Estate agents were not found to be negligent in failing to display a `for sale` sign on the property. The vendors had requested confidentiality. A claim for unpaid commission was upheld.
650 _aCOMMISSION
650 _aCONFIDENTIALITY
650 _aESTATE AGENCY
650 _aMARKETING
650 _aNEGLIGENCE
650 _aOFFERS
690 _aMANAGEMENT-BUSINESS MANAGEMENT-PROFESSIONAL PRACTICE
942 _n0
948 _c04/03/1997
999 _c47008
_d47008